|
|
|
|
| LEADER |
00786nam a2200193 4500 |
| 008 |
160511b xxu||||| |||| 00| 0 eng d |
| 082 |
|
|
|a 373.5483
|
| 100 |
|
|
|a Haritha N.
|
| 245 |
|
|
|a Awareness on waste management among higher secondary school pupils
|
| 260 |
|
|
|c 2013.
|
| 300 |
|
|
|a 88p. ,
|c 29 cm.
|
| 502 |
|
|
|a Thesis (Ph. D.)--Teacher education , Vatakara,University of Calicut, 2013.
|
| 504 |
|
|
|a Includes bibliographical references (p. 81-88) and abstract.
|
| 650 |
|
|
|a Environmental education - Evaluation
|
| 650 |
|
|
|a Environmental education - Study and teaching
|
| 796 |
|
|
|c Dr.
|e Thesis advisor.
|a Padmanabhan M.
|
| 942 |
|
|
|2 ddc
|c PD
|
| 999 |
|
|
|c 111871
|d 111871
|
| 952 |
|
|
|0 0
|1 0
|4 0
|6 373_180000000000000_HAR_A
|7 0
|9 117372
|a UL
|b UL
|c REF
|d 2016-05-11
|l 0
|o 373.18 HAR/A
|p NB6466
|r 2016-05-11
|y PD
|